000
00299nam a2200121Ia 4500
008
241002s9999 xx 000 0 und d
082
_a
928.1 LOW
100
_a
Lowenthal, Marrin
245
4
_a
The Autobiography Of Michel de Momaigne
260
_a
New York:
_c
1953
600
_a
History
942
_c
UC
999
_c
18484
_d
18484